Sports Quiz

Random Sports or NCAA Quiz
Score 0/20 Timer 07:00
1 Play Today
Hint Answer % Correct
NicknamePatriots
80%
Team ColorMason Green
65.4%
ConferenceA10
60.2%
CityFairfax
48.9%
Basketball ArenaEagle Bank Arena
35.1%
No. of Women's Varsity Sports10
24.8%
Primary RivalGeorge Washington
23.6%
Athletic DirectorBrad Edwards
23%
Sport w/ most NCAA ChampionshipsMen's Indoor Track and Field/Women's Soccer (1)
22.8%
Primary RivalRichmond
22.6%
Hint Answer % Correct
Team ColorMason Gold
22.2%
No. of Men's Varsity Sports10
20.1%
Primary RivalVirginia Commonwealth
18.7%
Famous Alum: T&F ____ CampShawn
18.2%
StateVirginia
17.6%
MascotThe Patriot
15.2%
MascotGunston
12.7%
Famous Alum: P ____ VerburgDavid
11.5%
Fight SongOnward to Victory
9.1%
Baseball StadiumSpuhler Field
5.9%
Remove Ads.
Support Sporcle.
Get the best of Sporcle when you Go Orange. This ad-free experience offers more features, more stats, and more fun while also helping to support Sporcle. Thank you for becoming a member.

You're not logged in!

Compare scores with friends on all Sporcle quizzes.
OR
Log In

Show Comments

Extras

Top Quizzes Today


Score Distribution

Your Account Isn't Verified!

In order to create a playlist on Sporcle, you need to verify the email address you used during registration. Go to your Sporcle Settings to finish the process.

Report this User

Report this user for behavior that violates our Community Guidelines.

Details: